Представление документа в формате MARC21

Поле Инд. ПП Название Значение
Тип записи a
Библиографический уровень a
001 Контрольный номер 88134ebff69b4eedbf9099d09b017e0b
005 Дата корректировки 20220919082714.4
020 a ISBN 5-230-07805-7
040 a Служба первич. каталог. RU-RKP
b Код языка каталог. rus
e Правила каталог. PSBO
041 0_ a Код языка текста rus
097 b Оператор Komarova.ES
100 1_ a Автор Иванова Т. В.
245 10 a Заглавие Антэкология некоторых медоносных растений из семейства сложноцветных
260 a Место издания Тверь
b Издательство Тверской государственный университет
504 a Библиография Библиогр.: с. 65 (4 назв.)
520 0_ a Аннотация Статья посвящена антэкологии некоторых медоносных растений из семейства сложноцветных.
653 0_ a Ключевые слова Экология
a Ключевые слова Цветение
a Ключевые слова Цветки
a Ключевые слова Тверь, город
a Ключевые слова Пыльца
a Ключевые слова Фенология
773 18 w Контрольный № источника 63809cbf-2cfd-421f-b12c-9cde3edccf66
t Название источника Флора и растительность южной тайги
d Место и дата издания Тверь : Тверской государственный университет, 1991
g Прочая информация С. 60-65
901 t Тип документа a
920 a Оператор Кома
954 b Дата поступления в ОК 20220919